| Tag |
First Indicator |
Second Indicator |
Subfields |
| LEADER |
00000cam a22000001a 4500 |
| 001 |
in00004100623 |
| 005 |
20200117091330.0 |
| 006 |
m d f |
| 007 |
cr bn mmmapmmp |
| 008 |
100719s2009 dcuab ob f000 0 eng d |
| 035 |
|
|
|a chdc201001129
|
| 040 |
|
|
|a UMI
|c UMI
|d UtOrBLW
|
| 042 |
|
|
|a pcc
|
| 043 |
|
|
|a n-us-nd
|a n-us---
|
| 074 |
|
|
|a 1035-A-01
|
| 086 |
0 |
|
|a Y 4.B 85/2:S.HRG.111-380
|
| 110 |
1 |
|
|a United States.
|b Congress.
|b Senate.
|b Committee on the Budget.
|0 http://id.loc.gov/authorities/names/n78080631
|
| 245 |
1 |
0 |
|a Field hearings for fiscal year 2010 :
|b hearings before the Committee on the Budget, United States Senate, One Hundred Eleventh Congress, first session.
|
| 264 |
|
1 |
|a Washington :
|b U.S. G.P.O.,
|c 2009.
|
| 264 |
|
2 |
|a Washington :
|b For sale by the Supt. of Docs., U.S. G.P.O.
|
| 300 |
|
|
|a iii, 243 pages :
|b illustrations, maps, digital, PDF file.
|
| 336 |
|
|
|a text
|b txt
|2 rdacontent
|
| 337 |
|
|
|a computer
|b c
|2 rdamedia
|
| 338 |
|
|
|a online resource
|b cr
|2 rdacarrier
|
| 490 |
1 |
|
|a S. hrg. ;
|v 111-380
|
| 500 |
|
|
|a "May 28, 2009 (9 AM), How infrastructure investments cam [i.e. can] bolster North Dakota's energy and agriculture economies: the U.S. 85 corridor; May 28, 2009 (1 PM), How infrastructure investments cam [i.e. can] bolster North Dakota's energy and agriculture economies: the U.S. 85 corridor; July 2, 2009, Field hearing to consider how infrastructure investments can foster economic development and the agriculture economy: US 52; November 12, 2009, Field hearing on infrastructure investment: creating jobs and fueling economic growth; November 13, 2009, Field hearing on community economic development."
|
| 500 |
|
|
|a Shipping list number: 2010-0338-P.
|
| 504 |
|
|
|a Includes bibliographical references.
|
| 500 |
|
|
|a Record is based on bibliographic data in ProQuest Congressional Hearings Digital Collection. Reuse except for individual research requires license from ProQuest, LLC.
|
| 500 |
|
|
|a Electronic resource.
|
| 533 |
|
|
|a Electronic reproduction.
|b [Bethesda, Md.] :
|c ProQuest,
|d 2010.
|e digital, PDF file.
|n ProQuest U.S. Congressional Hearings Digital Collection.
|n Mode of access: World Wide Web via ProQuest website.
|
| 538 |
|
|
|a System requirements: PDF reader software.
|
| 650 |
|
0 |
|a Rural development
|z North Dakota.
|
| 650 |
|
0 |
|a Energy development
|z North Dakota.
|
| 650 |
|
0 |
|a Economic development
|z North Dakota.
|
| 651 |
|
0 |
|a United States
|x Appropriations and expenditures, 2009.
|
| 740 |
0 |
2 |
|a How infrastructure investments can bolster North Dakota's energy and agriculture economies: the U.S. 85 corridor.
|
| 740 |
0 |
2 |
|a Field hearing to consider how infrastructure investments can foster economic development and the agriculture economy: US 52.
|
| 740 |
0 |
2 |
|a Field hearing on infrastructure investment: creating jobs and fueling economic growth.
|
| 740 |
0 |
2 |
|a Field hearing on community economic development.
|
| 776 |
0 |
8 |
|i Print version:
|a United States. Congress. Senate. Committee on the Budget.
|t Field hearings for fiscal year 2010
|w 9780160861727
|w 0160861721
|w (OCoLC)648764336
|
| 776 |
0 |
8 |
|i Microfiche version:
|a United States. Congress. Senate. Committee on the Budget.
|t Field hearings for fiscal year 2010
|d [Bethesda, Md.] : ProQuest,[2010]
|o CIS 2010 S251-6
|w (ProQuest)cis01002831
|
| 810 |
1 |
|
|a United States.
|b Congress.
|b Senate.
|t S. hrg. ;
|v 111-380.
|0 http://id.loc.gov/authorities/names/n83707917
|
| 856 |
4 |
0 |
|u http://proxy.library.tamu.edu/login?url=http://search.proquest.com/congcomp/getdoc?HEARING-ID=HRG-2009-BGS-0005
|y Electronic resource (PDF)
|t 0
|
| 998 |
|
|
|a cis01002831
|
| 999 |
f |
f |
|s b2e9b328-f7b8-3917-85d3-45a5d479723d
|i b1d715fc-c7fe-3bf0-8f52-bd0913de5301
|t 0
|
| 952 |
f |
f |
|a Texas A&M University
|b College Station
|c Electronic Resources
|d Available Online
|t 0
|e Y 4.B 85/2:S.HRG.111-380
|h Superintendent of Documents classification
|
| 998 |
f |
f |
|a Y 4.B 85/2:S.HRG.111-380
|t 0
|l Available Online
|